| 000 | 00399nam a2200157Ia 4500 | ||
|---|---|---|---|
| 999 |
_c10874 _d10874 |
||
| 008 | 191201s2007 xx 000 0 und d | ||
| 020 | _a9788173912788 | ||
| 082 | _a791.453 HYT | ||
| 100 | _aHYDE, Stuart A. | ||
| 245 | 0 | _aTelevision and Radio Announcing | |
| 250 | _a1st | ||
| 260 |
_aNew Delhi _bKanishka _c2021 |
||
| 300 | _a665 | ||
| 650 | _aBachelor of Mass Communication | ||
| 942 |
_2ddc _cBK |
||